Úloha stres testov pri stabilizácii bankového trhu diplomová práca

Saved in:
Bibliographic Details
Main Author: Hvižďáková, Daniela
Corporate Author: Národohospodárska fakulta EU. Katedra bankovníctva a medzinárodných financií
Other Authors: Makúch, Jozef, 1953-
Format: Book
Language:Slovak
Published: Bratislava 2016
Tags: Add Tag
No Tags, Be the first to tag this record!

MARC

LEADER 00000nbm a2200000 4500
001 0217823
005 20161124145638.9
041 0 |a slo 
044 |a SK 
245 1 0 |a Úloha stres testov pri stabilizácii bankového trhu  |b diplomová práca  |c Daniela Hvižďáková ; školiteľ: Jozef Makúch 
264 1 |a Bratislava  |c 2016 
300 |a 104 s. 
100 1 |a Hvižďáková, Daniela 
700 1 |a Makúch, Jozef, 1953- 
710 2 |a Národohospodárska fakulta EU. Katedra bankovníctva a medzinárodných financií